Rowing upstream : (Record no. 4125)

MARC details
000 -LEADER
fixed length control field 02486nam a2200445 4500
001 - CONTROL NUMBER
control field 14159236
005 - DATE AND TIME OF LATEST TRANSACTION
control field 20150408104343.0
007 - PHYSICAL DESCRIPTION FIXED FIELD--GENERAL INFORMATION
fixed length control field 000
008 - FIXED-LENGTH DATA ELEMENTS--GENERAL INFORMATION
fixed length control field 000
010 ## - LIBRARY OF CONGRESS CONTROL NUMBER
LC control number 2005464368
020 ## - INTERNATIONAL STANDARD BOOK NUMBER
International Standard Book Number 0620289139 (pbk.)
035 ## - SYSTEM CONTROL NUMBER
System control number (OCoLC)ocm50739521
040 ## - CATALOGING SOURCE
Original cataloging agency UOEL
Transcribing agency OL$
Modifying agency SYB
-- BOS
-- OCLCQ
-- MUQ
-- DLC
042 ## - AUTHENTICATION CODE
Authentication code lccopycat
043 ## - GEOGRAPHIC AREA CODE
Geographic area code f------
050 00 - LIBRARY OF CONGRESS CALL NUMBER
Classification number ZA4201
Item number .R69 2002
082 04 - DEWEY DECIMAL CLASSIFICATION NUMBER
Classification number 004.678
Edition number 21
245 00 - TITLE STATEMENT
Title Rowing upstream :
Remainder of title snapshots of pioneers of the information age in Africa /
Statement of responsibility, etc edited by Lisbeth A. Levey and Stacey Young.
250 ## - EDITION STATEMENT
Edition statement 1st ed.
260 ## - PUBLICATION, DISTRIBUTION, ETC. (IMPRINT)
Place of publication, distribution, etc Johannesburg :
Name of publisher, distributor, etc Sharp Sharp Media,
Date of publication, distribution, etc 2002.
300 ## - PHYSICAL DESCRIPTION
Extent xii, 126 p. :
Other physical details col. ill., col. maps ;
Dimensions 30 cm. +
Accompanying material 1 CD-ROM (4 3/4 in.)
500 ## - GENERAL NOTE
General note "Developed by the Project for Information Access and Connectivity."
General note "[Accompanying CD-ROM] contains the full book, links to the Web sites mentioned in the book, and video cameos from 'Using ICT in Unexpected Places'"--T.p. verso.
504 ## - BIBLIOGRAPHY, ETC. NOTE
Bibliography, etc Includes bibliographical references.
505 00 - FORMATTED CONTENTS NOTE
Title ICT in Africa : a timeline --
-- Preface /
Statement of responsibility Katharine K. Pearson and Gerry Salole --
Title Introduction : Rowing upstream : how foundations help people paddle /
Statement of responsibility Alison Bernstein --
Title Networking for a purpose : African NGOs using ICT /
Statement of responsibility Anriette Esterhuysen --
Title Using ICT in unexpected places : a photo essay /
Statement of responsibility Lucy Oriang' --
Title African content on the web /
Statement of responsibility Peter da Costa --
Title Is the glass half full or half empty? ICT in African universities /
Statement of responsibility Lisbeth A. Levey --
Title ICT in Africa : the challenge to donors in a global information society /
Statement of responsibility Nancy Hafkin and Kate Wild --
Title Rebooting : recommendations for the future /
Statement of responsibility Rowing Upstream Advisory Committee --
Title Untold stories : the beginning of ICT in Africa /
Statement of responsibility Fatma Alloo ... [et al.].
530 ## - ADDITIONAL PHYSICAL FORM AVAILABLE NOTE
Additional physical form available note Also available via the World Wide Web.
650 #0 - SUBJECT ADDED ENTRY--TOPICAL TERM
Topical term or geographic name as entry element Internet
Geographic subdivision Africa.
Topical term or geographic name as entry element Information technology
Geographic subdivision Africa.
Topical term or geographic name as entry element Information technology
General subdivision Social aspects
Geographic subdivision Africa.
Topical term or geographic name as entry element Autoroutes électroniques
Geographic subdivision Afrique.
Topical term or geographic name as entry element Nouvelles technologies de l'information et de la communication
Geographic subdivision Afrique.
Topical term or geographic name as entry element Réseaux d'information
Geographic subdivision Afrique.
Topical term or geographic name as entry element Internet
Geographic subdivision Afrique.
700 1# - ADDED ENTRY--PERSONAL NAME
Personal name Levey, Lisbeth A.
Personal name Young, Stacey.
776 1# - ADDITIONAL PHYSICAL FORM ENTRY
Title Rowing upstream
Record control number (OCoLC)50743260
906 ## - LOCAL DATA ELEMENT F, LDF (RLIN)
a 7
b cbc
c copycat
d 3
e ncip
f 20
g y-gencatlg
942 ## - ADDED ENTRY ELEMENTS (KOHA)
Source of classification or shelving scheme Library of Congress Classification
Item type Loan - Normal on open shelf
Holdings
Withdrawn status Lost status Source of classification or shelving scheme Damaged status Not for loan Home library Current library Shelving location Date acquired Total Checkouts Full call number Barcode Date last seen Copy number Price effective from Koha item type
    Library of Congress Classification     UOE Main Library UOE Main Library Reference 08/04/2015   T57.85.R68 20136193 08/04/2015 20136193 08/04/2015 Loan - Normal on open shelf